| 000 | 01261cam a22003011i 4500 | ||
|---|---|---|---|
| 003 | SA-RiAUC | ||
| 005 | 20250128143210.0 | ||
| 008 | 250128s1998 su g b 000r0cara c | ||
| 040 |
_aSA-RiAUC _bara _cSA-RiAUC _erda |
||
| 043 | _aa-su--- | ||
| 050 | 4 | _bB37 1998 | |
| 082 | 0 | 4 |
_a920.05311 _qSA-RiAUC |
| 090 |
_a920.05311 _b ب س ا |
||
| 100 | 1 |
_aالبسام، عبد الله بن عبد الرحمن بن صالح، _d1346-1424 هجري _eمؤلف. |
|
| 245 | 1 | 0 |
_aعلماء نجد خلال ثمانية قرون / _cتأليف عبد الله بن عبد الرحمن بن صالح آل بسام. |
| 250 | _aالطبعة الثانية، تعديلات وزيادات كثيرة. | ||
| 264 | 1 |
_aالرياض : _bدار العاصمة للنشر والتوزيع، _c1998 |
|
| 300 |
_a6 مجلد ؛ _c24 سم |
||
| 336 |
_aنص _btxt _2rdacontent _3كتاب |
||
| 337 |
_aبدون وسيط _bn _2rdamedia |
||
| 338 |
_aمجلد _bnc _2rdacarrier |
||
| 504 | _aببليوجرافية : صفحة 100-111. | ||
| 651 | 7 |
_aنجد (السعودية) _vتراجم _2aucsh |
|
| 651 | 7 |
_aالسعودية _vتراجم _2aucsh |
|
| 651 | 7 |
_aالسعودية _xتاريخ _2aucsh |
|
| 942 |
_2ddc _cBOOK _n0 |
||
| 949 |
_aSA-JeALM _d250128 _uosman123 _n1 |
||
| 999 |
_c5351 _d5351 |
||